000 00953nam a22002177a 4500
008 170923s2003 cr||||| |||| 00| 0 spa d
082 0 4 _a708
_bM425r
100 1 _aMatamoros, Rossella.
_94111
245 1 3 _aLa raíz complacida de mi sombra :
_bdibujos, instalación, video y performance /
_cRossella Matamoros ; Museo de Arte Costarricense.
250 _a1a edición.
260 _aSan José, Costa Rica :
_bMuseo de Arte Costarricense,
_c2003.
300 _a38 páginas :
_bilustraciones en color.
500 _aCatálogo publicado con motivo a la exposición "La raíz complacida de mi sombra: dibujos, instalación, video y performance de Rossella Matamoros", presentada durante 2003, en el Museo de Arte Costarricense.
653 1 0 _aArte contemporáneo
653 1 0 _aCatálogo de exhibición
653 1 0 _aExhibiciones
653 1 0 _aInstalación
653 1 0 _aPintura
653 1 0 _aPerformance
710 1 _aMuseo de Arte Costarricense.
_95978
999 _c1286
_d1286